[Event "Titled Tuesday intern op 19th Dec Early"]
[Site "Chess.com INT"]
[Date "2023.12.19"]
[Round "5"]
[White "Hirneise, Jens"]
[Black "Essing, Arnold"]
[Result "1-0"]
[WhiteElo "2270"]
[BlackElo "2210"]
[PlyCount "71"]
[EventDate "2023.12.19"]
[EventType "swiss (blitz)"]
[EventRounds "11"]
[EventCountry "USA"]
[SourceTitle "CB52_2023"]
[SourceDate "2023.12.27"]
[SourceVersion "1"]
[SourceVersionDate "2023.12.27"]
[SourceQuality "1"]

1. Nf3 d5 2. c4 e6 3. b3 c5 4. e3 Nc6 5. Bb2 d4 6. exd4 cxd4 7. d3 Nf6 8. Be2 e5 9. 0-0 Bd6 10. a3 a5 11. Ne1 0-0 12. Nd2 Bf5 13. Nc2 e4 14. dxe4 Nxe4 15. Nxe4 Bxe4 16. Nxd4 Qg5 17. Bf3 Bxf3 18. Nxf3 Qh6 19. g3 Rad8 20. Qc1 Qh5 21. Kg2 Rfe8 22. Re1 Bc5 23. Qc3 f6 24. Rxe8+ Rxe8 25. Qd3 Rd8 26. Qe4 Kh8 27. Re1 h6 28. Nh4 Rd2 29. Ng6+ Kg8 30. Qe8+ Kh7 31. Nf8+ Bxf8 32. Qxh5 Rxb2 33. Re8 Bxa3 34. Qf5+ g6 35. Qe6 h5 36. h4 1-0

[Event "Titled Tuesday intern op 19th Dec Early"]
[Site "Chess.com INT"]
[Date "2023.12.19"]
[Round "6"]
[White "Perossa, Nicolas"]
[Black "Essing, Arnold"]
[Result "1-0"]
[WhiteElo "2327"]
[BlackElo "2210"]
[PlyCount "83"]
[EventDate "2023.12.19"]
[EventType "swiss (blitz)"]
[EventRounds "11"]
[EventCountry "USA"]
[SourceTitle "CB52_2023"]
[SourceDate "2023.12.27"]
[SourceVersion "1"]
[SourceVersionDate "2023.12.27"]
[SourceQuality "1"]

1. d3 d5 2. Nd2 Nf6 3. g3 e5 4. Bg2 Nc6 5. c4 Be6 6. cxd5 Nxd5 7. Ngf3 Be7 8. 0-0 0-0 9. Nc4 f6 10. a3 Qd7 11. b4 a5 12. b5 Nd4 13. Nxd4 exd4 14. a4 Nc3 15. Qc2 Bd5 16. Bxd5+ Qxd5 17. e4 Qh5 18. Bb2 Bb4 19. Bxc3 Bxc3 20. Qd1 Qc5 21. Rb1 f5 22. Qb3 Kh8 23. exf5 Rxf5 24. f4 Re8 25. Rf2 h6 26. Rbf1 Qd5 27. Qa2 b6 28. Ne5 Qxa2 29. Rxa2 g5 30. Nc4 gxf4 31. Rxf4 Rxf4 32. gxf4 Re1+ 33. Kf2 Rd1 34. Ne5 Kg7 35. Kf3 Kf6 36. Ke2 Re1+ 37. Kf3 Rh1 38. Ng4+ Kf5 39. Nf2 Rxh2 40. Re2 Kf6 41. Ng4+ Kf7 42. Nxh2 1-0

[Event "GER-CupT 2122 Round2 (1)"]
[Site "Aue"]
[Date "2022.05.21"]
[Round "1.3"]
[White "Essing, Arnold"]
[Black "Poessel, Christian"]
[Result "1-0"]
[WhiteElo "2202"]
[BlackElo "2007"]
[PlyCount "87"]
[EventDate "2022.05.21"]
[EventType "team-k.o."]
[EventRounds "2"]
[EventCountry "GER"]
[SourceTitle "EXT 2023"]
[Source "ChessBase"]
[SourceDate "2022.10.05"]
[SourceVersion "1"]
[SourceVersionDate "2022.10.05"]
[SourceQuality "1"]
[WhiteTeam "Lieme"]
[BlackTeam "Aue Nickelhuette"]
[WhiteTeamCountry "GER"]
[BlackTeamCountry "GER"]

1. d4 Nf6 2. Nf3 e6 3. c4 b6 4. Bf4 Bb4+ 5. Nfd2 c5 6. a3 Ba5 7. e3 Bb7 8. Bd3 d5 9. b4 b5 10. bxa5 dxc4 11. Be2 cxd4 12. 0-0 0-0 13. Bf3 Bxf3 14. Qxf3 Nd5 15. exd4 Nc6 16. Be3 f5 17. Qh3 Qf6 18. Nf3 h6 19. Ra2 g5 20. Ne5 Nxe5 21. dxe5 Qxe5 22. Qxh6 f4 23. Qg6+ Kh8 24. Bc5 Rf6 25. Qh5+ Kg7 26. Re2 Qf5 27. Bd4 Rh8 28. Qf3 g4 29. Qe4 f3 30. Qxf5 exf5 31. Re6 fxg2 32. Rfe1 Kf7 33. Bxf6 Nxf6 34. Re7+ Kg6 35. R1e6 f4 36. Kxg2 Rh3 37. Nd2 Kf5 38. Re5+ Kg6 39. f3 c3 40. Ne4 Nxe4 41. Rxe4 Rxf3 42. R7e6+ Kf7 43. Rc6 a6 44. Rxa6 1-0

[Event "NRW Class1 1819"]
[Site "Germany"]
[Date "2019.05.12"]
[Round "9.4"]
[White "Essing, Arnold"]
[Black "Gottkehaskamp, Stefan"]
[Result "1/2-1/2"]
[WhiteElo "2215"]
[BlackElo "2075"]
[PlyCount "78"]
[EventDate "2018.09.16"]
[EventType "team-tourn"]
[EventRounds "9"]
[EventCountry "GER"]
[SourceTitle "EXT 2023"]
[Source "ChessBase"]
[SourceDate "2022.10.05"]
[SourceVersion "1"]
[SourceVersionDate "2022.10.05"]
[SourceQuality "1"]
[WhiteTeam "Lieme"]
[BlackTeam "Nienberge"]
[WhiteTeamCountry "GER"]
[BlackTeamCountry "GER"]

1. d4 Nf6 2. Nf3 g6 3. c4 Bg7 4. Nc3 0-0 5. e4 d6 6. Be2 c6 7. 0-0 Qc7 8. Bf4 Nh5 9. Be3 e5 10. g3 Bg4 11. d5 c5 12. Nh4 Bxe2 13. Qxe2 Na6 14. a3 Qe7 15. Nf5 Qd7 16. Nxg7 Nxg7 17. f4 f6 18. f5 g5 19. h4 gxh4 20. gxh4 Kh8 21. Kh2 Nc7 22. Rg1 Qf7 23. Rg2 Rg8 24. Rag1 Nh5 25. Rxg8+ Rxg8 26. Rxg8+ Kxg8 27. b4 b6 28. Bh6 Kh8 29. bxc5 bxc5 30. Qb2 Ne8 31. Qb8 Nf4 32. Bxf4 exf4 33. Ne2 Qh5 34. Nxf4 Qxh4+ 35. Nh3 Qxe4 36. Qxa7 h5 37. Qf7 Qe5+ 38. Kg2 Ng7 39. Qg6 Qe4+ 1/2-1/2

[Event "GER CupT 1819 Round2 (1)"]
[Site "Oranienburg"]
[Date "2019.03.17"]
[Round "2.2"]
[White "Essing, Arnold"]
[Black "Figura, Atila Gajo"]
[Result "0-1"]
[WhiteElo "2226"]
[BlackElo "2379"]
[PlyCount "92"]
[EventDate "2019.03.16"]
[EventType "team-k.o."]
[EventRounds "2"]
[EventCountry "GER"]
[SourceTitle "EXT 2021"]
[Source "ChessBase"]
[SourceDate "2020.10.23"]
[SourceVersion "1"]
[SourceVersionDate "2020.10.23"]
[SourceQuality "1"]
[WhiteTeam "Lieme"]
[BlackTeam "Zehlendorf"]
[WhiteTeamCountry "GER"]
[BlackTeamCountry "GER"]

1. d4 Nf6 2. Nf3 g6 3. c4 Bg7 4. Nc3 d5 5. cxd5 Nxd5 6. Qb3 Nb6 7. e4 0-0 8. Be3 Bg4 9. d5 Bxf3 10. gxf3 a5 11. a3 N8d7 12. Rd1 a4 13. Qb4 Ne5 14. Be2 f5 15. f4 Ng4 16. Bd4 Nf6 17. Bc5 fxe4 18. Bxe7 Qd7 19. Bxf8 Bxf8 20. Qd4 Qf7 21. Nxe4 Nfxd5 22. Ng5 Qxf4 23. Bc4 Re8+ 24. Kf1 Nxc4 25. Qxd5+ Kh8 26. Qd4+ Qxd4 27. Rxd4 Nxb2 28. Kg2 Bxa3 29. Rb1 b6 30. Rd7 Re7 31. Rxe7 Bxe7 32. Ne6 a3 33. Nxc7 Bf6 34. Ra1 Nc4 35. Ra2 Bb2 36. Nb5 Kg7 37. Kf3 Kf6 38. Ke4 Ke6 39. Kd3 Kd5 40. Nc3+ Kc5 41. Kc2 b5 42. Nd1 Kb4 43. Nxb2 Nxb2 44. Ra1 Nc4 45. Rg1 a2 46. h4 Ka3 0-1

[Event "NRW Class1 1819"]
[Site "Germany"]
[Date "2019.03.17"]
[Round "7.4"]
[White "Goldschmidt, Christian"]
[Black "Essing, Arnold"]
[Result "1-0"]
[WhiteElo "2168"]
[BlackElo "2165"]
[PlyCount "47"]
[EventDate "2018.09.16"]
[EventType "team-tourn"]
[EventRounds "9"]
[EventCountry "GER"]
[SourceTitle "EXT 2022"]
[Source "ChessBase"]
[SourceDate "2021.10.06"]
[SourceVersion "1"]
[SourceVersionDate "2021.10.06"]
[SourceQuality "1"]
[WhiteTeam "Brackel SF"]
[BlackTeam "Lieme"]
[WhiteTeamCountry "GER"]
[BlackTeamCountry "GER"]

1. e4 c5 2. d4 cxd4 3. c3 Nf6 4. e5 Nd5 5. Nf3 d6 6. Bc4 Nb6 7. Bb3 Nc6 8. exd6 Qxd6 9. 0-0 Be6 10. Na3 Rd8 11. Nb5 Qd7 12. Bf4 Na8 13. Re1 Bxb3 14. Qxb3 e6 15. Nfxd4 a6 16. Nxe6 fxe6 17. Rxe6+ Be7 18. Nd6+ Kf8 19. Rae1 Na5 20. Qd5 Nc7 21. Qf5+ Bf6 22. Rxf6+ gxf6 23. Qxf6+ Kg8 24. Re7 1-0

[Event "NRW Class1 1819"]
[Site "Germany"]
[Date "2019.02.17"]
[Round "6.4"]
[White "Essing, Arnold"]
[Black "Scholl, Patrick"]
[Result "1/2-1/2"]
[WhiteElo "2165"]
[BlackElo "1954"]
[PlyCount "21"]
[EventDate "2018.09.16"]
[EventType "team-tourn"]
[EventRounds "9"]
[EventCountry "GER"]
[SourceTitle "EXT 2022"]
[Source "ChessBase"]
[SourceDate "2021.10.06"]
[SourceVersion "1"]
[SourceVersionDate "2021.10.06"]
[SourceQuality "1"]
[WhiteTeam "Lieme"]
[BlackTeam "Weidenau/Geisweid"]
[WhiteTeamCountry "GER"]
[BlackTeamCountry "GER"]

1. d4 d5 2. Nf3 Nf6 3. c4 c6 4. e3 Bg4 5. h3 Bh5 6. cxd5 Bxf3 7. Qxf3 cxd5 8. Nc3 e6 9. Bb5+ Nc6 10. 0-0 Rc8 11. a3 1/2-1/2

[Event "NRW Class1 1819"]
[Site "Germany"]
[Date "2018.09.16"]
[Round "1.4"]
[White "Grobbel, Rainer"]
[Black "Essing, Arnold"]
[Result "1/2-1/2"]
[WhiteElo "2127"]
[BlackElo "2165"]
[PlyCount "24"]
[EventDate "2018.09.16"]
[EventType "team-tourn"]
[EventRounds "9"]
[EventCountry "GER"]
[SourceTitle "EXT 2022"]
[Source "ChessBase"]
[SourceDate "2021.10.06"]
[SourceVersion "1"]
[SourceVersionDate "2021.10.06"]
[SourceQuality "1"]
[WhiteTeam "Lippstadt Turm"]
[BlackTeam "Lieme"]
[WhiteTeamCountry "GER"]
[BlackTeamCountry "GER"]

1. d4 d5 2. c4 c6 3. e3 Nf6 4. Nc3 g6 5. Nf3 Bg7 6. Bd3 0-0 7. 0-0 Bg4 8. h3 Bxf3 9. Qxf3 Qd6 10. b3 Nbd7 11. cxd5 Nxd5 12. Nxd5 cxd5 1/2-1/2